| 000 | 00340nam a2200109Ia 4500 | ||
|---|---|---|---|
| 008 | 160531s9999 xx 000 0 und d | ||
| 100 | _aCohen, Tom. | ||
| 245 | _aTelemorphosis: Theory in the Era of Climate Change | ||
| 245 | _cby Tom Cohen (ed.) | ||
| 260 | _c2012 | ||
| 856 | _uhttp://www.openhumanitiespress.org/books/titles/telemorphosis/ | ||
| 999 |
_c295164 _d295164 |
||